[Event "Excelsior Cup"]
[Site "Gothenburg"]
[Date "2004.01.14"]
[Round "7"]
[White "Marin, Mihail"]
[Black "Meijers, Viesturs"]
[Result "0-1"]
[WhiteElo "2531"]
[BlackElo "2499"]
[Annotator "Hecht,H"]
[PlyCount "194"]
[EventDate "2004.01.06"]
[EventType "tourn"]
[EventRounds "9"]
[EventCountry "SWE"]
[EventCategory "9"]
[SourceTitle "CBM 099"]
[Source "ChessBase"]
[SourceDate "2004.03.30"]
[SourceVersion "1"]
[SourceVersionDate "2004.03.30"]
[SourceQuality "1"]

1. c4 e6 2. Nf3 d5 3. b3 Nf6 4. g3 Be7 5. Bg2 b6 6. O-O Bb7 7. Bb2 O-O 8. e3 c5
9. Nc3 Nc6 10. cxd5 Nxd5 11. Nxd5 Qxd5 12. d4 Qd8 13. dxc5 Bxc5 14. Ne5 Qxd1
15. Rfxd1 Na5 16. Bxb7 Nxb7 17. Rd7 Nd6 18. Rd1 Ne4 19. Nc6 a5 20. a3 Rfc8 21.
Na7 Re8 22. Kg2 Bf8 23. Bd4 Bxa3 24. Nb5 Bf8 25. Nc7 Rad8 26. Bxb6 Rxd7 27.
Rxd7 Rc8 28. Kf3 Nf6 29. Rd3 Bb4 30. e4 h5 31. h3 Rb8 32. Be3 Rb7 33. Na6 Be7
34. Rc3 Ba3 35. Bc5 Bb2 36. Rd3 Nd7 37. Bd6 Rb5 38. Bc7 Nf6 39. Bd6 g5 40. Nc7
g4+ 41. hxg4 hxg4+ 42. Ke3 Rb7 43. f4 gxf3 44. Kxf3 Kh7 45. Na6 Kg6 46. Nc5 Rb5
47. Na4 Ba1 48. Bf4 Nh7 49. Bd6 Ng5+ 50. Ke3 f6 51. Nc5 e5 52. Rd5 Rb4 53. Kd3
Bd4 54. Kc2 Rb6 55. Na4 Rb7 56. Bc5 Ne6 57. Bd6 Bf2 58. Rd3 Ng5 59. Nc3 Bd4 60.
Ne2 Bf2 61. Nc3 Kh5 62. Rd5 Be1 63. Na4 Kg4 64. Nc5 Rh7 65. Kd3 Bxg3 66. Kc4
Bf2 67. Nd3 Be3 68. Rxa5 Nxe4 69. Nxe5+ fxe5 70. Bxe5 Nd2+ 71. Kd3 Kf3 72. Bd6
Rf7 73. b4 Ne4 74. Re5 Rf6 75. Be7 Nf2+ 76. Kc4 Rf4+ 77. Kb5 Rg4 78. Bc5 Bf4
79. Re8 Ne4 80. Ka4 Rg5 81. Rf8 Rg6 82. Kb5 Nf6 83. Kc4 Ke4 84. Bd4 Nd7 85.
Re8+ Ne5+ 86. Bxe5 Bxe5 87. b5 Rg1 88. b6 Rc1+ 89. Kb5 Kd5 90. b7 Rb1+ 91. Ka6
Bc7 92. Rc8 Kd6 93. b8=Q Bxb8 94. Rh8 Kd5 95. Ka5 Bc7+ 96. Ka4 Bb6 {[#]
Theoretical drawn position. Rc8 or Ka3 should now follow.  [#] Theoretische
Remisstellung. Es sollte nun Tc8 oder Ka3 folgen.} 97. Rh4 $2 Bd4 $1 {
TABLEBASE: #21} (97... Bd4 98. Rg4 Kc4 99. Rg3 Rb7 100. Rg5 Rb2 101. Rg3 Rb1
102. Rh3 Rb7 103. Rh5 Rb2 104. Rh3 Bf2 105. Rf3 Bc5 106. Rf4+ Bd4 107. Rf3 Rb4+
108. Ka5 Rb7 $18 {is only one example. ist nur ein Beispiel}) 0-1

[Event "Manila zt 3.2a"]
[Site "Manila"]
[Date "2001.04.25"]
[Round "3"]
[White "Pham, Minh Hoang"]
[Black "Sayson, Alan"]
[Result "1/2-1/2"]
[WhiteElo "2347"]
[BlackElo "2345"]
[Annotator "Hecht,H"]
[PlyCount "144"]
[EventDate "2001.04.24"]
[EventType "swiss"]
[EventRounds "9"]
[EventCountry "PHI"]
[SourceTitle "CBM 083"]
[Source "ChessBase"]
[SourceDate "2001.07.05"]
[SourceVersion "1"]
[SourceVersionDate "2001.07.05"]
[SourceQuality "1"]

1. Nf3 Nf6 2. c4 e6 3. g3 d5 4. Bg2 Be7 5. O-O O-O 6. b3 a5 7. Nc3 Nbd7 8. d3
c6 9. Bb2 Nc5 10. Qc2 a4 11. Ba3 axb3 12. axb3 Bd7 13. Rfb1 Rc8 14. Qd2 b5 15.
Qe3 Nb7 16. Bxe7 Qxe7 17. Ra7 Rb8 18. Ne5 Rfc8 19. Rba1 Qb4 20. d4 Qxb3 21.
Nxd5 Qxe3 22. Nxe3 Be8 23. cxb5 Nd8 24. bxc6 Bxc6 25. N3c4 Bxg2 26. Kxg2 Ne8
27. Re7 Kf8 28. Rea7 Rb7 29. Nb6 Rcc7 30. Ra8 Rxb6 31. Rxd8 Rd6 32. Rb8 f6 33.
Nf3 Kf7 34. e3 Rdc6 35. Nd2 Nd6 36. Ra2 Rc2 37. Rbb2 Rxb2 38. Rxb2 {[#] Weiß
hat bei noch vielen Bauern excellente Gewinnchancen, lässt sich aber unnötig
viel Raum nehmen und übersieht schließlich eine taktische Feinheit (Zug 51).}
g5 39. Kf3 (39. g4 $142) 39... h5 40. Ke2 f5 41. h4 g4 42. Kd3 Ra7 43. Rc2 Ke7
44. Ke2 Kd7 45. Nb3 Ne8 46. Nc5+ Kd6 47. Nd3 Nf6 48. Nf4 Ra1 49. Rb2 Ne4 50.
Nxh5 Rh1 51. Nf4 $2 (51. Rb6+ $1 Kd7 52. Nf4 Rh2 53. Nxe6 Rxf2+ 54. Kd3 Nxg3
55. Nc5+ Kc7 56. Re6 Nf1 57. h5 g3 58. h6 Rh2 59. d5 g2 60. d6+ $18) 51...
Nxg3+ $1 52. Kd3 Ne4 53. Rb6+ Kd7 54. Rxe6 Nxf2+ 55. Kc4 g3 56. Rg6 Ng4 57. e4
Rxh4 58. Ng2 Rh2 59. exf5 Rxg2 60. Rxg4 Rf2 61. Rg7+ Kd6 62. Rg6+ Kd7 63. f6 g2
64. Kc5 Rxf6 65. Rxg2 $11 Kd8 66. Rg7 Rh6 67. Ra7 Rg6 68. Ra8+ Kd7 69. Ra7+ Kd8
70. Rh7 Rf6 71. Rh8+ Kd7 72. Rh7+ Kd8 1/2-1/2

[Event "New York Smartchess.com"]
[Site "New York"]
[Date "2001.06.09"]
[Round "5"]
[White "Sarkar, Justin"]
[Black "Novikov, Igor A"]
[Result "0-1"]
[WhiteElo "2406"]
[BlackElo "2596"]
[Annotator "Hecht,H"]
[PlyCount "108"]
[EventDate "2001.06.04"]
[EventType "tourn"]
[EventRounds "9"]
[EventCountry "USA"]
[EventCategory "9"]
[SourceTitle "CBM 084"]
[Source "ChessBase"]
[SourceDate "2001.09.13"]
[SourceVersion "1"]
[SourceVersionDate "2001.09.13"]
[SourceQuality "1"]

1. c4 e6 2. Nf3 d5 3. b3 Nf6 4. Bb2 Be7 5. g3 O-O 6. Bg2 c5 7. O-O Nc6 8. cxd5
Nxd5 9. Qc1 b6 10. d4 Ba6 11. dxc5 Bxe2 12. Re1 Bxf3 13. Bxf3 Bxc5 14. Rd1 Rc8
15. Qd2 Qe7 16. Nc3 Nf6 17. Ne4 Nxe4 18. Bxe4 Rfd8 19. Qf4 e5 20. Qf3 Nd4 21.
Bxd4 Bxd4 22. Rac1 g6 23. Bb7 Rb8 24. Bd5 Rd6 25. Rc6 Rbd8 26. Rxd6 Rxd6 27.
Rd2 Rf6 28. Qd3 Qb4 29. Kf1 Rd6 30. Bg2 Kg7 31. Ke2 Bc5 32. Bd5 Rf6 33. Kf1 h5
34. Re2 Qg4 35. Qe4 Qh3+ 36. Qg2 Qd7 37. Qe4 Bd4 38. Kg2 h4 39. Rc2 h3+ 40. Kf1
Rd6 41. Bc6 Qe6 42. Bb7 Bc5 43. Re2 Rd1+ 44. Re1 Qd6 45. Rxd1 Qxd1+ 46. Qe1 Qd4
{[#] Ungleichfarbiger Läufer als starker Angriffsläufer, Raum, Mattangriff.}
47. Kg1 f5 48. Ba6 g5 49. Bf1 g4 50. Bc4 Kf6 51. a4 a5 52. Kf1 e4 53. Kg1 (53.
Be2 e3 54. Qd1 (54. f3 gxf3 55. Bxf3 e2+ 56. Kxe2 Qe3+ $19) 54... exf2 55.
Qxd4+ Bxd4 56. Bd3 Kg5 57. Bc4 f4 58. gxf4+ Kxf4 59. Be6 g3 60. hxg3+ Kxg3 61.
Bd5 h2 62. Bc6 Kf4 63. Ke2 Ke5 64. Bb7 Kd6 65. Kf1 Kc5 66. Ke2 Kb4 67. Bd5 b5 (
67... h1=Q 68. Bxh1 Kxb3 69. Bc6 $11) 68. axb5 Kxb5 69. Kf1 Kb4 70. Ke2 h1=Q
71. Bxh1 Kxb3 $19) 53... e3 54. fxe3 Qe4 0-1

[Event "Ciocaltea Memorial"]
[Site "Bucharest"]
[Date "1997.??.??"]
[Round "7"]
[White "Cosma, Ioan"]
[Black "Itkis, Boris"]
[Result "1-0"]
[WhiteElo "2495"]
[BlackElo "2440"]
[Annotator "Hecht,H"]
[PlyCount "85"]
[EventDate "1997.03.??"]
[EventType "tourn"]
[EventRounds "13"]
[EventCountry "ROU"]
[EventCategory "10"]
[SourceTitle "CBM 060"]
[Source "ChessBase"]
[SourceDate "1997.09.29"]
[SourceVersion "1"]
[SourceVersionDate "1997.09.29"]
[SourceQuality "1"]

1. d4 {Fritz} Nf6 2. Nf3 e6 3. g3 b6 4. Bg2 Bb7 5. O-O Be7 6. c4 O-O 7. Nc3 Na6
8. b3 d5 9. cxd5 Nxd5 10. Bb2 c5 11. Qb1 $146 (11. Rc1 cxd4 12. Nxd4 Bg5 13. f4
Ne3 14. Bxb7 Nxd1 15. Rfxd1 Nc5 16. Bxa8 Bxf4 17. gxf4 Qxa8 18. Nf3 f6 19. Ba3
Rc8 20. Kf2 h6 21. Bxc5 Rxc5 22. e3 Rh5 23. Ne2 g5 24. Rg1 Kh8 25. h4 gxh4 26.
Rc7 h3 27. Rgc1 Rc5 28. R7xc5 bxc5 29. Rxc5 Qe4 30. Rh5 Kh7 31. Rxh3 Qb1 32.
Rh5 Qxa2 33. Rb5 Qc2 34. Rb7+ Kg6 35. b4 Qa2 36. b5 h5 37. Re7 Qd5 38. Ned4 {
1-0 Wojtkiewicz,A-Markowski,T/Polanica Zdroj 1995/CBM 49}) 11... cxd4 $6 (11...
Rc8 $11) 12. Nxd5 $1 Bxd5 13. Rd1 d3 14. Qxd3 Nc5 15. Qe3 $14 Qc7 16. Rac1 Qb7
17. Qf4 Rac8 18. Qg4 f6 19. Ne1 Bxg2 20. Nxg2 a5 21. Nf4 e5 22. Ne6 {Mit der
Mattdrohung Dxg7} Rf7 23. Nxc5 Bxc5 24. Ba3 $1 g6 (24... f5 25. Qc4 $16) 25.
Bxc5 bxc5 26. Rd6 Kg7 27. Rcd1 c4 28. Qe6 {Droht entscheidend Td7} Rcc7 (28...
cxb3 29. Rd7) 29. bxc4 Qe4 30. Rc1 (30. Rd7 Rcxd7 31. Rxd7 Qb1+ 32. Kg2 Qe4+
33. Kh3 Rxd7 34. Qxd7+ $16) 30... Qxe2 31. c5 e4 32. c6 {/\Rd7} Rce7 $8 33. Qc4
Qf3 34. Re6 Rxe6 35. Qxe6 Qa3 36. Rd1 Qa4 (36... e3 $142 $5 37. Qxe3 Qxa2 $16)
37. Rd7 Rxd7 38. Qxd7+ {[#] Hecht Gewinnbringender weißer Freibauer. Die Dame
gelangt mit Tempo hinter den Freibauern; gleichzeitig wird Dauerschach
vermieden.} Kh6 39. Qd2+ e3 (39... g5 40. c7 Qc6 41. Qd8 Qc1+ 42. Kg2 Qc3 43.
c8=Q Qf3+ 44. Kg1 $18) 40. Qxe3+ g5 41. Qc1 Qg4 42. c7 Qc8 43. h4 {Schwarz hat
keinen vernünftigen Zug mehr.} (43. h4 a4 44. a3 Kg6 (44... Kh5 45. Qd1+ {
[%cal Rd1d8]}) (44... Kg7 45. hxg5 $18) 45. Qb1+ {[%cal Rb2b8]}) 1-0

[Event "Sigeman & Co 03rd"]
[Site "Malmo"]
[Date "1995.??.??"]
[Round "6"]
[White "Hjartarson, Johann"]
[Black "Sadler, Matthew D"]
[Result "0-1"]
[WhiteElo "2590"]
[BlackElo "2575"]
[Annotator "Hjartarson,J"]
[PlyCount "116"]
[EventDate "1995.05.??"]
[EventType "tourn"]
[EventRounds "9"]
[EventCountry "SWE"]
[EventCategory "12"]
[SourceTitle "CBM 048"]
[Source "ChessBase"]
[SourceDate "1995.10.01"]
[SourceVersion "1"]
[SourceVersionDate "1995.10.01"]
[SourceQuality "1"]

1. c4 {Ribli} c5 2. b3 Nf6 3. Bb2 Nc6 4. Nf3 e6 5. g3 Be7 6. Bg2 O-O 7. O-O d5
8. e3 d4 9. exd4 cxd4 10. Re1 (10. d3 Ne8 11. Na3 e5 $10 12. Nc2 a5 13. a3 f6
14. Rb1 Rb8 15. Nd2 $2 (15. Qd2 {/\b4}) 15... Nc7 $15 16. f4 $2 Bf5 $17 {
Pozdnjakov-Cernikov/USSR/1971}) 10... Ne8 {Ivanchuk,/\f6,e5@,xNb1,Bb2} 11. a3 (
11. d3 f6 (11... Nc7 12. Ne5 (12. a3 a5 13. Ne5 $14) 12... Nxe5 13. Rxe5 Rb8
14. Nd2 f6 15. Re1 e5 16. Qe2 $14 {Landenbergue-Masserey/Horgen-SKA-b/1994})
12. Na3 (12. Ba3 e5 13. Bxe7 Qxe7 14. a3 a5 15. Nbd2 Nc7 16. Ne4 Bd7 (16... Kh8
$5 17. h4 $140 Bg4 $10) 17. h4 f5 $2 (17... Kh8) 18. Ned2 Qf6 19. b4 $16 {
Rotstein-Flear/Paris/1992 Rotstein,A-Flear,G/Paris/1992/INF55,11/}) 12... e5
13. Qe2 $6 (13. Nc2 Nc7 14. Qd2 (14. a3 a5 15. Rb1 {>=15.Qd2} Be6 $6 (15... Rb8
$10 {/\b5}) 16. Nfxd4 $5 Nxd4 (16... exd4 17. Rxe6 Nxe6 18. Bd5 Kh8 19. Bxe6
$44) 17. Bxd4 exd4 18. Rxe6 Nxe6 19. Bd5 Kh8 20. Bxe6 $44 {Mestel-Flear/UK-ch/
1990}) 14... a5 (14... Na6 $5 15. Ba3 (15. a3 $4 Nc5 $17) (15. Rab1 Nab4 16. a3
Nxc2 17. Qxc2 a5 18. c5 Be6 $13 {Lautier}) 15... Bxa3 16. Nxa3 Qa5 (16... Nab4
17. Nc2 Nxc2 18. Qxc2 Be6 19. a3 a5 20. Rab1 Qe7 21. Qb2 {+/=/\a3,b4 Lautier}
Rab8 22. b4 $140 axb4 23. axb4 b5 $13) (16... Bf5 $5 17. Nh4 Be6 18. Nc2 Qd6
19. a3 Nc5 20. Rab1 a5 21. b4 axb4 22. axb4 Na4 $13 {xc3}) 17. Qxa5 Nxa5 18.
Nc2 Nc6 19. Red1 $1 $14 {/\a3,b4 Lautier}) 15. a3 Na6 16. b4 $1 axb4 17. axb4
Ncxb4 18. Nfxd4 $1 exd4 (18... Rb8 {Ribli} 19. Ba3 Nxc2 20. Bxe7 Qxe7 21. Nxc2
$14 {Schwartzman,G-Marin,M/Odorheiu Secuiesc/1993/CBM36/}) 19. Ba3 Nxc2 (19...
Nc6 20. Bxc6 Bxa3 21. Bd5+ $16) 20. Bxe7 Qxe7 $2 21. Rxe7 Nxa1 22. Qa5 $1 Nb3
23. Qd5+ Kh8 24. Qf7 $1 Rg8 25. Re8 $18 {Lautier-Kotronias/Soci/1989/Inf48/5})
13... Bg4 $1 14. h3 Be6 $10 15. Nb5 Bc5 16. Ba3 Bxa3 17. Nxa3 Qd7 18. Kh2 Nc7
19. Nc2 a5 20. Nd2 Bf5 21. Ne4 $2 (21. a3 $142) 21... Ne6 22. a3 Bg6 $1 23. b4
f5 24. Nd2 e4 $17 {Damljanovic-Ivanchuk/Reggio Emilia/1989}) 11... a5 12. Ne5
Nxe5 13. Rxe5 f6 (13... Bf6 $6 14. Re1 {xBf6} Rb8 15. d3 b6 16. Nd2 Bb7 17. Ne4
(17. Bxb7 Rxb7 18. b4 $14) 17... Nd6 $2 (17... Be7 18. Qe2 $14) 18. Nxf6+ Qxf6
19. Qg4 Nf5 20. Qf4 $1 $16 {Bagirov-Magyar/Budapest-op/1989}) 14. Re1 e5 15. d3
Rb8 16. Nd2 Nc7 17. f4 $5 {Ribli Das ist offenbar eine Neuerung. Weiss oeffnet
die e-Linie und schwaecht den d4P.} (17. Rc1 $14) (17. Qc2 $6 {Ribli} Kh8 18.
Bc1 Bd7 19. Nf3 Na6 $13 {Valkesalmi,K-Landerbergue,C/Moscow olm/1994/EXP44/})
17... exf4 18. gxf4 b6 (18... b5 19. Rc1 $14) 19. Qe2 Bc5 20. Qf2 $14 Bf5 21.
Ne4 (21. Be4 $5 $14) (21. Nf3 $5 {Ribli} Bg4 $5 (21... Ne6 $2 22. Nh4 $18) (
21... Bxd3 22. Rad1 Bg6 23. Bxd4 $16) 22. Bxd4 (22. Nxd4 Qd7 23. Kh1 Rbd8 24.
Qg3 Bxd4 25. Bxd4 Qxd4 26. Qxg4 Qxd3 $13) 22... Bxf3 23. Bxc5 bxc5 24. Bxf3
Qxd3 (24... Rxb3 25. Qxc5 Rxd3 26. Rad1 $14) 25. Bg2 $14) 21... Qd7 22. Qd2 {
/\b4 Droht /\ b4 mit klarem Vorteil.} Bxe4 23. Rxe4 f5 (23... Qd6 {Ribli} 24.
f5 $14 {Schwarz hat eine sehr passive Stellung, und der Anziehende herrscht
die weissen Felder.}) 24. Re5 Qd6 25. Qf2 {Droht /\ b4.} Rbd8 26. Kh1 Kh8 27.
Qg3 Rf7 28. Bf3 Rdf8 29. Qf2 Rd7 30. Qh4 Rdf7 31. Qg3 Rd7 {Ribli Weiss hat
eine bequeme Stellung, aber wie kann er seinen Druck verstaerken?} 32. h4 Rf6
33. h5 Qf8 34. Qf2 Qd6 35. Qg2 Qf8 36. Rae1 Rd8 (36... Bxa3 $2 37. Bxa3 Qxa3
38. c5 {Schwarz hat grosse Schwierigkeiten mit der Grundlinie.} h6 39. Re7 Rf7
40. Rxd7 Rxd7 41. cxb6 $18) 37. R1e2 Rd7 (37... Bxa3 $2 {Ribli} 38. Bxa3 Qxa3
39. Re7 $18) 38. Qg1 {/\b4} Qd8 39. Qe1 Rf8 40. Bc6 $138 {Typischer Zeitnotzug.
} (40. Rg2 $5 {Ribli Weiss besitzt noch die Initiative.} Bd6 $2 41. Bxd4 Bxe5
42. Bxe5 $44 {Weiss hat mehr als genueg Kompensation fuer die geopferte
Qualitaet.}) (40. h6 $1 {Ribli Dieser Vorstoss ist fuer derartige Stellungen
typisch. Jetzt will Weiss die b2-h8 Diagonale oeffnen und dann ist die
schwarze Lage mehr als kritisch.}) 40... Rd6 41. Bf3 Rh6 {Natuerlich geht
Schwarz nicht mehr zurueck.} (41... Rd7 42. b4 axb4 43. axb4 Bd6 44. Bxd4 Bxe5
45. Bxe5 $44) 42. Rg2 Qd7 43. b4 $1 axb4 44. axb4 Bd6 45. Bxd4 Bxe5 46. Bxe5
$44 Ne8 {Weiss hat sicher genuegend Kompensation fuer die Qualitaet.} 47. d4
Nf6 48. Rg5 $1 (48. d5 $2 Ng4 $132) 48... Rg8 49. d5 Qa4 {Schwarz versucht im
Trueben zu fischen.} (49... Ng4 50. Bd4 $16) 50. Qc3 Qa2 51. Kg1 $4 (51. Bd4
$16 {/\c5,d6 etc.} Rb8 (51... Qb1+ $2 52. Rg1 Qa2 53. Ra1 $18) 52. d6 $16) (51.
Rg2 {Ribli} Qb1+ 52. Rg1 Qa2 53. Rg2 $10) 51... Qb1+ 52. Kg2 Ra8 $19 {Jetzt
kommt schon das Gegenspiel.} 53. Bd4 (53. Bxf6 {Ribli} Ra2+ 54. Kh3 Qf1+ 55.
Bg2 Rxh5+ $1 56. Rxh5 Qxg2+ 57. Kh4 Qg4#) 53... Ra2+ 54. Kg3 Qf1 {/\55...Nh5-+}
55. Qe3 Rxh5 $1 {Ein schoenes Opfer. Die naechsten Zuege sind erzwungen.} 56.
Rxh5 (56. Bxh5 {Ribli} Rg2+ 57. Kh4 Rh2+ 58. Kg3 Rh3#) 56... Nxh5+ 57. Kh4 (57.
Bxh5 {Ribli} Rg2+ 58. Kh4 Qh1+ 59. Qh3 Qe1+ $19) 57... h6 (57... Rh2+ $2 58.
Kg5 $132) 58. Kxh5 Kh7 {Weiss kann die Mattdrohungen nicht vermeiden. Der
Islaender hat bis den 40-sten Zug sehr gut gespielt, aber dann ... no comment.}
0-1

[Event "Wch U16"]
[Site "Yerevan"]
[Date "1997.09.24"]
[Round "4"]
[White "Fedorchuk, Sergey A"]
[Black "Acs, Peter"]
[Result "1/2-1/2"]
[WhiteElo "2315"]
[BlackElo "2460"]
[Annotator "Kalinitschew,S"]
[PlyCount "82"]
[EventDate "1997.09.21"]
[EventType "swiss"]
[EventRounds "11"]
[EventCountry "ARM"]
[SourceTitle "EXT 2008"]
[Source "ChessBase"]
[SourceDate "2007.11.25"]
[SourceVersion "1"]
[SourceVersionDate "2007.11.25"]
[SourceQuality "1"]

1. c4 e6 2. Nf3 Nf6 3. b3 d5 4. Bb2 c5 5. g3 Nc6 6. Bg2 d4 7. O-O e5 8. e3 Be7
9. exd4 exd4 10. d3 O-O 11. Na3 Bg4 12. Qd2 Qd7 13. Rfe1 Rae8 14. Nc2 a5 15.
Ne5 Nxe5 16. Rxe5 Bd6 17. Rxe8 Rxe8 18. Re1 b6 19. a3 h5 20. b4 Rxe1+ 21. Qxe1
Qa4 22. Qd2 axb4 23. axb4 Qa2 24. bxc5 bxc5 25. Na3 Bc7 26. Bc1 Qb3 27. Bf1 Nd7
28. f4 Qa4 29. Bg2 Ba5 30. Qc2 Qb4 31. Qf2 Qc3 32. Qf1 Be2 33. Qxe2 Qxc1+ 34.
Kf2 Nf6 35. Nb5 Ng4+ 36. Kf3 Nxh2+ 37. Ke4 Ng4 (37... Qe3+ 38. Qxe3 f5+ 39. Kd5
dxe3 40. Na3 e2 41. Nc2 e1=Q 42. Nxe1 Bxe1 $19) 38. Kd5 Qe3 39. Bf3 Bb4 40.
Bxg4 hxg4 41. Qxg4 Qxd3 1/2-1/2

[Event "Gibraltar Masters 17th"]
[Site "Caleta"]
[Date "2019.01.28"]
[Round "7"]
[White "Artemiev, Vladislav"]
[Black "Nakamura, Hikaru"]
[Result "1-0"]
[WhiteElo "2709"]
[BlackElo "2749"]
[Annotator "Krasenkow,M"]
[PlyCount "61"]
[EventDate "2019.01.22"]
[EventType "swiss"]
[EventRounds "10"]
[EventCountry "GGB"]
[SourceTitle "CBM 188 Extra"]
[Source "ChessBase"]
[SourceDate "2019.02.26"]
[SourceVersion "1"]
[SourceVersionDate "2019.02.26"]
[SourceQuality "1"]

{[%evp 0,61,19,31,30,-24,-24,-9,14,13,14,-13,1,-30,-6,-22,-15,-4,4,5,6,20,-11,
-9,-9,19,-3,-6,14,8,15,4,16,3,-16,5,19,-15,-7,-34,-34,-16,-16,-45,29,43,8,8,8,
26,19,21,38,42,69,83,79,65,94,101,106,0,138,282]} 1. Nf3 Nf6 2. g3 d5 3. Bg2 e6
4. O-O Be7 5. c4 O-O 6. b3 c5 7. Bb2 Nc6 8. e3 b6 9. Nc3 dxc4 10. bxc4 Bb7 11.
Qe2 Rc8 12. Rad1 {With this move White keeps both options: to push d2-d4 and
to prepare a kingside attack (Nf3-e1, f2-f4).} (12. Rfd1 {is more popular,
though.}) 12... Qc7 (12... Na5 {[%csl Ra5]} 13. Ne1 Bxg2 14. Kxg2 Rc7 15. d3
Qa8+ 16. Kg1 Rd8 17. f4 a6 18. g4 Qb7 19. a4 Ne8 20. Rf3 Rcd7 21. Rh3 $36 {
1/2 (59) Kharlov,A (2616)-Kosyrev,V (2474) Samara 2000}) 13. Ne1 (13. Nh4 $5
Ne8 $1 14. f4 Bxh4 15. gxh4 Ne7 16. h5 Bxg2 17. Qxg2 Qc6 18. e4 f5 19. d3 Rf7
20. Rf3 Nf6 $13 {1-0 (96) Cordova,E (2609)-Lopez Martinez,J (2548) Catalunya
2014}) 13... Ne8 {A typical manoeuvre in this structure. The knight goes to d6
to control the f5 and e4 squares and support ...b6-b5.} (13... Na5 14. f4 Bxg2
(14... g6 $2 15. Nb5 Qd7 16. Nxa7 Rcd8 {0-1 (52) Iturrizaga Bonelli,E (2652)
-Abdusattorov,N (2534) Biel 2018} 17. Bxb7 Qxb7 18. Nb5 $16) 15. Nxg2 Qd7 16.
Nh4 Rfd8 17. d3 a6 18. a4 Ne8 19. f5 $36 {1/2 (32) Dizdar,G (2499)-Dranov,A 
(2465) Germany 2012}) (13... a6 14. f4 Na7 $6 15. a4 (15. g4 $36) (15. f5 $5)
15... Bxg2 16. Nxg2 Qd7 17. g4 Ne8 18. f5 $36 Bf6 19. fxe6 fxe6 20. g5 $1 Bxg5
21. Rxf8+ Kxf8 22. Ne4 $16 {1-0 (36) Shcherbakov,R (2555)-Loginov,V (2520) St
Petersburg 1998}) (13... Rfd8 14. f4 a6 (14... Nb4 15. d3 Bxg2 16. Nxg2 Rd7 17.
a3 Nc6 18. f5 $36 {1-0 (45) Pakleza,Z (2506)-Protaziuk,G (2344) Poland 2016})
15. g4 (15. f5 $5 $36) 15... Na5 (15... b5 $5 $132) 16. Rf2 Ne8 17. Ne4 $6 (17.
d3 $13) 17... b5 $1 18. cxb5 axb5 19. g5 Nc4 20. Ba1 Ncd6 21. Nxd6 Nxd6 22. Nf3
b4 23. d3 c4 $17 {1/2 (28) Fridman,D (2659)-Johannessen,L (2496) Helsingor 2011
}) 14. f4 Nd6 15. Nf3 a6 16. a4 f5 17. d3 Bf6 18. h3 Nb4 19. g4 g6 {Black has
set up a solid defence; White, however, tries to break it through.} 20. e4 fxe4
$6 {A start of a wrong tactical operation.} (20... Bg7 $142) 21. dxe4 Nxe4 $6 (
21... Bxc3 $2 22. Bxc3 Nxe4 {fatally weakens the long diagonal, and White wins
after} 23. Ba1 {[%cal Ye2b2]}) (21... Bd4+ $1 {is correct but White keeps an
edge in complications:} 22. Kh2 $1 (22. Nxd4 $2 cxd4 23. Rxd4 Qc5 {[%cal Rb4c6,
Rc5d4]} 24. Qf2 Rxf4 $17) (22. Kh1 $2 Bxc3 23. Bxc3 Nxe4 {[%cal Re4g3]}) 22...
Ne8 $1 (22... Rxf4 $2 23. Nxd4 Rxf1 24. Nxe6 $18) (22... Bxc3 23. Bxc3 Rxf4 24.
Be5 $1 Rxe4 25. Qf2 Rxe5 26. Nxe5 Nxc4 27. Rd7 $1 Qxe5+ 28. Kg1 Qe3 $8 29. Qxe3
Nxe3 30. Bxb7 $16 {_|_}) 23. e5 $1 (23. Nxd4 cxd4 24. Rxd4 Rxf4 $13) 23... Bxf3
24. Rxf3 g5 $1 25. Ne4 gxf4 26. Bxd4 cxd4 27. Ng5 $36 {Of course, this is
still a mess; besides, finding all this over the board is quite difficult.})
22. Nxe4 Bxb2 23. Neg5 $1 Bxf3 24. Rxf3 Bd4+ 25. Kh1 Rce8 26. Nxe6 Qc6 27. f5
$16 {[%csl Ge6] White has regained a pawn and obtained a clear advantage due
to his strong knight.} Qxa4 $6 (27... Rf7 $142) 28. fxg6 Rxf3 29. gxh7+ Kh8 30.
Bxf3 $2 (30. Qxf3 $1 Rxe6 31. Qf8+ Kxh7 32. Rf1 $18) 30... Nc6 $2 {[%mdl 64]
Both players miss a good tactical chance for Black:} (30... Nd3 $3 31. Qxd3 (
31. Rxd3 $2 Qxc4) 31... Rxe6 {[%cal Ya4e8,Ye6e1] with excellent drawing
chances.}) 31. Nxc5 $1 1-0